000 00693nam a2200205Ii 4500
003 JO-AjNU
008 230605s9999||||xx |||||||||||||| ||und||
040 _aJO-AjNU
_bara
_erda
_cJO-AjNU
041 _aara
050 1 4 _aPJ8190 1998
100 3 _aالأسطة، عادل,
_eauthor
_952757
245 0 0 _aأدب المقاومة: من تفاؤل البدايات إلى خيبة النهايات
250 _aط1
264 3 1 _aفلسطين: وزارة الثقافة، 1998
300 _a161ص
336 _atext
_btxt
_2rdacontent
337 _aunmediated
_bn
_2rdamedia
338 _avolume
_bnc
_2rdacarrier
650 4 _aالأدب العربي - فلسطين - المقاومة
_952758
999 _aA23389
_c26957
_d26957